[Event "Chennai op 9th"]
[Site "Chennai"]
[Date "2017.01.23"]
[Round "7"]
[White "Murali Krishnan, BT."]
[Black "Aniruddh, Aiyengar"]
[Result "0-1"]
[WhiteElo "2255"]
[BlackElo "2112"]
[PlyCount "108"]
[EventDate "2017.01.18"]
[EventType "swiss"]
[EventRounds "10"]
[EventCountry "IND"]
[SourceTitle "CBM 176 Extra"]
[Source "ChessBase"]
[SourceDate "2017.03.02"]
[SourceVersion "1"]
[SourceVersionDate "2017.03.02"]
[SourceQuality "1"]

1. d4 Nf6 2. c4 e6 3. Nc3 Bb4 4. a3 Bxc3+ 5. bxc3 c5 6. f3 0-0 7. e4 Ne8 8. Nh3 Nc6 9. Be3 Qe7 10. Bd3 b6 11. 0-0 d6 12. Nf4 Ba6 13. Qe2 Rc8 14. Rac1 Na5 15. Nh5 Qd7 16. f4 f5 17. Ng3 g6 18. d5 Ng7 19. Rce1 Qa4 20. dxe6 Bxc4 21. exf5 gxf5 22. Bc1 Rce8 23. Qf3 Qb5 24. e7 Rf7 25. Bxc4 Qxc4 26. Nh5 d5 27. Re5 Nc6 28. Rxd5 Nxh5 29. Rd6 Nxe7 30. Qxh5 Ng6 31. Qg5 Kh8 32. Rd8 Rxd8 33. Qxd8+ Kg7 34. h4 Qe2 35. c4 Rf8 36. Qg5 h6 37. Qg3 Rd8 38. Qc3+ Kh7 39. Re1 Rd1 40. Rxd1 Qxd1+ 41. Kh2 Qd4 42. Qe1 Qxc4 43. h5 Nf8 44. Qe5 Qxc1 45. Qxf5+ Kg8 46. Qd5+ Kg7 47. Qe5+ Kf7 48. Qc7+ Ke8 49. Qe5+ Kd7 50. Qg7+ Ke8 51. Qe5+ Kf7 52. Qc7+ Kg8 53. Qe5 Qc4 54. g3 Qe6 0-1

[Event "Chennai op 9th"]
[Site "Chennai"]
[Date "2017.01.18"]
[Round "1"]
[White "Jijo, Joy"]
[Black "Aniruddh, Aiyengar"]
[Result "0-1"]
[WhiteElo "1560"]
[BlackElo "2112"]
[PlyCount "56"]
[EventDate "2017.01.18"]
[EventType "swiss"]
[EventRounds "10"]
[EventCountry "IND"]
[SourceTitle "CBM 176 Extra"]
[Source "ChessBase"]
[SourceDate "2017.03.02"]
[SourceVersion "1"]
[SourceVersionDate "2017.03.02"]
[SourceQuality "1"]

1. e4 e6 2. d4 d5 3. exd5 exd5 4. Bd3 c5 5. dxc5 Bxc5 6. Qe2+ Be6 7. Nf3 Nf6 8. h3 Nc6 9. Bf4 0-0 10. 0-0 Re8 11. Qd2 Ne4 12. Qd1 Qb6 13. Bxe4 dxe4 14. Ng5 Bc4 15. Nd2 Bxf1 16. Qh5 h6 17. Qxf7+ Kh8 18. Ndxe4 Rxe4 19. Nxe4 Rf8 20. Qc7 Bc4 21. b3 Bd5 22. Nxc5 Qxc5 23. c4 Qd4 24. Rf1 Bxg2 25. Kxg2 Qxf4 26. Qxb7 Nd4 27. Qe7 Nf3 28. Qe3 Qh2# 0-1

[Event "IND-ch U15"]
[Site "Thrissur"]
[Date "2014.08.10"]
[Round "9"]
[White "Swain, Ashirwad"]
[Black "Aniruddh, Aiyengar"]
[Result "0-1"]
[WhiteElo "2050"]
[BlackElo "1910"]
[PlyCount "60"]
[EventDate "2014.08.04"]
[EventType "swiss"]
[EventRounds "11"]
[EventCountry "IND"]
[SourceTitle "CBM 162 Extra"]
[Source "ChessBase"]
[SourceDate "2014.10.17"]
[SourceVersion "1"]
[SourceVersionDate "2014.10.17"]
[SourceQuality "1"]

1. e4 e6 2. d4 d5 3. Nd2 Nf6 4. e5 Nfd7 5. c3 c5 6. f4 Nc6 7. Ndf3 Qb6 8. a3 a5 9. b3 Be7 10. Be3 cxd4 11. cxd4 f6 12. Kf2 0-0 13. Ne2 Qc7 14. h4 fxe5 15. fxe5 Ndxe5 16. dxe5 Nxe5 17. Bf4 Qb6+ 18. Ke1 Ng4 19. Bg3 Bc5 20. Qd3 Bf2+ 21. Kd2 Bd7 22. a4 Rac8 23. Ng5 Rf5 24. Bxf2 Qb4+ 25. Nc3 Nxf2 26. Qc2 d4 27. Bc4 Rxc4 28. bxc4 Nxh1 29. Kd3 Nf2+ 30. Kxd4 Qc5# 0-1

[Event "IND-ch U15"]
[Site "Thrissur"]
[Date "2014.08.08"]
[Round "7"]
[White "Sammed Jaykumar, Shete"]
[Black "Aniruddh, Aiyengar"]
[Result "1-0"]
[WhiteElo "2111"]
[BlackElo "1910"]
[PlyCount "93"]
[EventDate "2014.08.04"]
[EventType "swiss"]
[EventRounds "11"]
[EventCountry "IND"]
[SourceTitle "CBM 162 Extra"]
[Source "ChessBase"]
[SourceDate "2014.10.17"]
[SourceVersion "1"]
[SourceVersionDate "2014.10.17"]
[SourceQuality "1"]

1. e4 e6 2. Nf3 d5 3. Nc3 Nf6 4. e5 Nfd7 5. d4 c5 6. dxc5 Bxc5 7. Bd3 Nc6 8. Bf4 f6 9. exf6 Qxf6 10. Bg3 0-0 11. 0-0 a6 12. Qe2 Nd4 13. Nxd4 Bxd4 14. Rae1 Nb6 15. Nd1 Qf7 16. Bxh7+ Kh8 17. Bd3 Bf6 18. Be5 Bxe5 19. Qxe5 Qf6 20. Qh5+ Qh6 21. Qxh6+ gxh6 22. f4 Bd7 23. Ne3 Rac8 24. Ng4 Kg7 25. Rf3 Na4 26. Rg3 Nc5 27. Ne5+ Kf6 28. Nxd7+ Nxd7 29. Rg6+ Ke7 30. Rgxe6+ Kd8 31. Rxh6 Kc7 32. f5 Kb8 33. Re7 Nc5 34. Rhh7 Rc6 35. g4 Rb6 36. b3 Nxd3 37. cxd3 Rb4 38. h3 a5 39. Rd7 Rc8 40. f6 a4 41. f7 axb3 42. axb3 Rxb3 43. Rg7 Ka7 44. Rg8 Rc1+ 45. Kf2 Rb2+ 46. Kg3 Rg1+ 47. Kh4 1-0

[Event "IND-ch U15"]
[Site "Thrissur"]
[Date "2014.08.07"]
[Round "5"]
[White "Aniruddh, Aiyengar"]
[Black "Aravindh, Chithambaram VR"]
[Result "0-1"]
[WhiteElo "1910"]
[BlackElo "2467"]
[PlyCount "138"]
[EventDate "2014.08.04"]
[EventType "swiss"]
[EventRounds "11"]
[EventCountry "IND"]
[SourceTitle "CBM 162 Extra"]
[Source "ChessBase"]
[SourceDate "2014.10.17"]
[SourceVersion "1"]
[SourceVersionDate "2014.10.17"]
[SourceQuality "1"]

1. e4 c5 2. Nc3 Nc6 3. Bb5 g6 4. Bxc6 dxc6 5. f4 Bg7 6. Nf3 Nf6 7. 0-0 0-0 8. d3 b6 9. Qe1 Ne8 10. f5 e5 11. g4 f6 12. h4 Nd6 13. b3 h5 14. Nh2 hxg4 15. Nxg4 gxf5 16. Nh6+ Bxh6 17. Bxh6 Rf7 18. Kh1 Rh7 19. Qg3+ Kf7 20. Rg1 Qh8 21. Qg6+ Ke7 22. Qxh7+ Qxh7 23. Rg7+ Qxg7 24. Bxg7 f4 25. h5 Bg4 26. h6 Ne8 27. Bh8 Nc7 28. Bg7 Ne6 29. Rg1 Nxg7 30. Rxg4 Ne6 31. Ne2 Rh8 32. Rh4 Kf7 33. Ng1 Kg6 34. Rg4+ Kf7 35. Rh4 Ng5 36. Kg2 Kg6 37. Nf3 Nxf3 38. Kxf3 Rxh6 39. Rg4+ Kf7 40. Rg2 Rh3+ 41. Kf2 f3 42. Rg1 Rh2+ 43. Kxf3 Rxc2 44. Rh1 Rxa2 45. Rh7+ Ke6 46. Rc7 Ra3 47. Rxc6+ Ke7 48. Ke2 Rxb3 49. Rc7+ Ke6 50. Rxa7 f5 51. Rh7 Rb2+ 52. Ke3 fxe4 53. dxe4 Rb3+ 54. Kd2 Kf6 55. Rh8 c4 56. Rf8+ Ke7 57. Rc8 b5 58. Rc5 Kd6 59. Rd5+ Ke6 60. Rc5 Kd6 61. Rd5+ Kc6 62. Rxe5 b4 63. Re8 Rd3+ 64. Kc2 b3+ 65. Kb2 Rd2+ 66. Kb1 Kc5 67. Rb8 Re2 68. Rc8+ Kb4 69. Rb8+ Kc3 0-1

[Event "IND-ch U13"]
[Site "Puducherry"]
[Date "2013.07.02"]
[Round "4"]
[White "Aniruddh, Aiyengar"]
[Black "Harsha, Bharathakoti"]
[Result "0-1"]
[WhiteElo "1920"]
[BlackElo "2116"]
[PlyCount "94"]
[EventDate "2013.06.30"]
[EventType "swiss"]
[EventRounds "11"]
[EventCountry "IND"]
[SourceTitle "EXT 2014"]
[Source "ChessBase"]
[SourceDate "2013.11.20"]
[SourceVersion "1"]
[SourceVersionDate "2013.11.20"]
[SourceQuality "1"]

1. e4 c5 2. Nc3 d6 3. f4 g6 4. Nf3 Bg7 5. Bb5+ Bd7 6. Bc4 Nc6 7. 0-0 e6 8. d3 Nge7 9. f5 exf5 10. Qe1 Ne5 11. Bf4 0-0 12. Qh4 Nxc4 13. dxc4 fxe4 14. Ng5 h6 15. Ngxe4 Nf5 16. Qxd8 Rfxd8 17. Nxd6 Nxd6 18. Bxd6 Bd4+ 19. Kh1 Be6 20. Be7 Rd7 21. Bh4 Bxc4 22. Rfe1 g5 23. Bg3 Bxc3 24. bxc3 Rd2 25. Rad1 Rxc2 26. Rd7 Rxc3 27. Rxb7 Bxa2 28. Rd7 Be6 29. Rc7 Rc2 30. h4 gxh4 31. Bxh4 Bd5 32. Rg1 a5 33. Rd7 Be6 34. Rd3 Kh7 35. Rg3 Rg8 36. Rxg8 Kxg8 37. Ra1 Ba2 38. Bf6 Kh7 39. Rd1 a4 40. Rd6 Be6 41. Kg1 a3 42. Ra6 a2 43. Ra3 Kg6 44. Be5 Kf5 45. Bg7 h5 46. Kh2 Bd5 47. Rg3 f6 0-1